L'oeuvre de l'ingénieur social / (Record no. 135219)

MARC details
000 -LEADER
campo de control de longitud fija 00787nam a2200229 i 4500
001 - NÚMERO DE CONTROL
campo de control 135219
003 - IDENTIFICADOR DE NÚMERO DE CONTROL
campo de control ES-MaACL
005 - FECHA Y HORA DE LA ÚLTIMA TRANSACCIÓN
campo de control 20250902215808.0
007 - CAMPO FIJO DE DESCRIPCIÓN FÍSICA--INFORMACIÓN GENERAL
campo de control de longitud fija t|
008 - DATOS DE LONGITUD FIJA--INFORMACIÓN GENERAL
campo de control de longitud fija 070712q1910 fr ||||1| fre d
080 ## - NÚMERO DE LA CLASIFICACIÓN DECIMAL UNIVERSAL
Número de la Clasificación Decimal Universal 62:301
100 1# - ENTRADA PRINCIPAL--NOMBRE DE PERSONA
Nombre de persona Tolman, William H.
9 (RLIN) 110473
245 12 - MENCIÓN DEL TÍTULO
Título L'oeuvre de l'ingénieur social /
Mención de responsabilidad, etc. par Willian Howe Tolman ; préface de M.A. Carnegie ; traduit et adapté de l'anglais par Pierre Janelle ; préface de M.E. Levasseur.
260 ## - PUBLICACIÓN, DISTRIBUCIÓN, ETC.
Lugar de publicación, distribución, etc. Paris :
Nombre del editor, distribuidor, etc. Vuibert et Nony,
Fecha de publicación, distribución, etc. [1910?]
300 ## - DESCRIPCIÓN FÍSICA
Extensión XIX, 329 p. :
Otras características físicas il. ;
Dimensiones 25 cm.
650 14 - PUNTO DE ACCESO ADICIONAL DE MATERIA--TÉRMINO DE MATERIA
Término de materia o nombre geográfico como elemento de entrada Ingeniería-
Subdivisión general Aspectos sociales
9 (RLIN) 13768
700 1# - ENTRADA AGREGADA--NOMBRE PERSONAL
Nombre de persona Janelle, Pierre.
9 (RLIN) 66004
700 0# - ENTRADA AGREGADA--NOMBRE PERSONAL
Nombre de persona Levasseur, Emile.
9 (RLIN) 71915
700 1# - ENTRADA AGREGADA--NOMBRE PERSONAL
Nombre de persona Carnegie, Andrew.
9 (RLIN) 35359
852 ## - LOCALIZACIÓN
Ubicación ES-MaACL
Número de control de estantería F-769
Holdings
Estatus retirado Estado de pérdida Estado de daño No para préstamo Biblioteca de origen Biblioteca actual Ubicación en estantería Fecha de adquisición Fuente de adquisición Total de préstamos Signatura topográfica completa Código de barras Visto por última vez Precio de reemplazo Tipo de ítem Koha
        Biblioteca del Ateneo de Madrid Biblioteca del Ateneo de Madrid Depósito 2 17/01/2008     F-769 1140739 23/02/2023 23/02/2023 Libro impreso